[Event "Titled Tuesday intern op 30th Jul Late"]
[Site "Chess.com INT"]
[Date "2024.07.30"]
[Round "2"]
[White "Rajmohan, Vikram"]
[Black "Galchenko, Matvey"]
[Result "0-1"]
[WhiteElo "2062"]
[BlackElo "2438"]
[PlyCount "36"]
[EventDate "2024.07.30"]
[EventType "swiss (blitz)"]
[EventRounds "11"]
[EventCountry "USA"]
[SourceTitle "EXT 2025"]
[Source "ChessBase"]
[SourceDate "2024.10.14"]
[SourceVersion "1"]
[SourceVersionDate "2024.10.14"]
[SourceQuality "1"]

1. d4 Nf6 2. Bg5 Ne4 3. Bf4 c5 4. f3 Qa5+ 5. c3 Nf6 6. d5 e6 7. e4 exd5 8. exd5 d6 9. Na3 Be7 10. Nc4 Qc7 11. a4 0-0 12. Ne3 Re8 13. Bd3 Nh5 14. Bg3 Bg5 15. f4 Nxf4 16. Bf2 Nxg2+ 17. Ke2 Nxe3 18. Bxe3 Bxe3 0-1

[Event "Titled Tuesday intern op 30th Jul Late"]
[Site "Chess.com INT"]
[Date "2024.07.30"]
[Round "9"]
[White "Rajmohan, Vikram"]
[Black "Padalka, Artem"]
[Result "0-1"]
[WhiteElo "2062"]
[BlackElo "2177"]
[PlyCount "57"]
[EventDate "2024.07.30"]
[EventType "swiss (blitz)"]
[EventRounds "11"]
[EventCountry "USA"]
[SourceTitle "EXT 2025"]
[Source "ChessBase"]
[SourceDate "2024.10.14"]
[SourceVersion "1"]
[SourceVersionDate "2024.10.14"]
[SourceQuality "1"]

1. d4 Nf6 2. Bg5 Ne4 3. Bf4 g5 4. Bc1 h6 5. f3 Nf6 6. e4 d6 7. Bd3 Bg7 8. Ne2 c5 9. c3 Nc6 10. d5 Ne5 11. Bb5+ Kf8 12. Be3 a6 13. Bd3 b5 14. 0-0 e6 15. dxe6 Bxe6 16. a4 Rb8 17. axb5 axb5 18. b4 cxb4 19. cxb4 Nxd3 20. Qxd3 Bc4 21. Qd2 Nxe4 22. fxe4 Bxa1 23. Bd4 Bxd4+ 24. Qxd4 Qb6 25. Rf2 Qxd4 26. Nxd4 Ra8 27. Nf5 Ra1 28. Rb2 Bd3 29. Nxd6 0-1

[Event "Titled Tuesday intern op 30th Jul Late"]
[Site "Chess.com INT"]
[Date "2024.07.30"]
[Round "6"]
[White "Rajmohan, Vikram"]
[Black "Schut, Han"]
[Result "1/2-1/2"]
[WhiteElo "2062"]
[BlackElo "2087"]
[PlyCount "140"]
[EventDate "2024.07.30"]
[EventType "swiss (blitz)"]
[EventRounds "11"]
[EventCountry "USA"]
[SourceTitle "EXT 2025"]
[Source "ChessBase"]
[SourceDate "2024.10.14"]
[SourceVersion "1"]
[SourceVersionDate "2024.10.14"]
[SourceQuality "1"]

1. d4 Nf6 2. Bg5 d5 3. e3 Ne4 4. Bf4 c5 5. c3 Nc6 6. Nd2 Nxd2 7. Qxd2 cxd4 8. exd4 Bf5 9. Bd3 Bxd3 10. Qxd3 e6 11. Nf3 Bd6 12. Bg3 0-0 13. 0-0 Bxg3 14. hxg3 Rb8 15. Rfe1 b5 16. Ne5 Nxe5 17. Rxe5 b4 18. c4 dxc4 19. Qxc4 Qd6 20. Qc5 Rfd8 21. Rd1 f6 22. Qxd6 Rxd6 23. Ra5 Rb7 24. d5 Rbd7 25. Kf1 Rxd5 26. Rdxd5 Rxd5 27. Rxa7 Rd2 28. b3 Rb2 29. g4 h6 30. g3 e5 31. Kg2 Kh7 32. Kf3 Kg6 33. Rb7 Rxa2 34. Rxb4 Kg5 35. Rb7 g6 36. b4 Rb2 37. b5 f5 38. gxf5 gxf5 39. b6 e4+ 40. Ke3 Rb3+ 41. Kd4 Rb2 42. Kc3 Rxf2 43. Rg7+ Kf6 44. b7 Rf3+ 45. Kc4 Kxg7 46. b8Q Kg6 47. Qd6+ Kg5 48. Qe7+ Kg4 49. Qg7+ Kh3 50. Qxh6+ Kxg3 51. Qg5+ Kf2 52. Qd2+ Kg3 53. Qe1+ Kf4 54. Kd4 Rd3+ 55. Kc4 Ke5 56. Qa1+ Kf4 57. Qg7 Kf3 58. Qg1 Kf4 59. Qf1+ Ke5 60. Kc5 Rd5+ 61. Kc6 Rd3 62. Qa1+ Kf4 63. Qc1+ Ke5 64. Qc5+ Kf4 65. Qf2+ Ke5 66. Kc7 Ke6 67. Qc5 Kf6 68. Qc6+ Kg5 69. Qe8 Kf4 70. Qg8 Ke5 1/2-1/2

[Event "Titled Tuesday intern op 30th Jul Late"]
[Site "Chess.com INT"]
[Date "2024.07.30"]
[Round "5"]
[White "Rajmohan, Vikram"]
[Black "Tologontegin, Semetey"]
[Result "0-1"]
[WhiteElo "2062"]
[BlackElo "2337"]
[PlyCount "56"]
[EventDate "2024.07.30"]
[EventType "swiss (blitz)"]
[EventRounds "11"]
[EventCountry "USA"]
[SourceTitle "EXT 2025"]
[Source "ChessBase"]
[SourceDate "2024.10.14"]
[SourceVersion "1"]
[SourceVersionDate "2024.10.14"]
[SourceQuality "1"]

1. d4 d5 2. Nf3 Nf6 3. c4 e6 4. g3 Bb4+ 5. Bd2 Be7 6. cxd5 exd5 7. Bg2 0-0 8. 0-0 c6 9. Nc3 Bf5 10. a3 Nbd7 11. Rc1 Re8 12. Nh4 Be6 13. f4 Nb6 14. Nf3 Nc4 15. Qc2 Ng4 16. Nd1 g6 17. h3 Nf6 18. Ne5 Bf5 19. Qc3 Nxe5 20. fxe5 Ne4 21. Bxe4 Bxe4 22. Nf2 f5 23. Qe3 Qd7 24. h4 Rf8 25. Nh3 f4 26. Nxf4 Qg4 27. Kf2 Rxf4+ 28. gxf4 Bxh4+ 0-1

[Event "Titled Tuesday intern op 16th Jul Late"]
[Site "Chess.com INT"]
[Date "2024.07.16"]
[Round "7"]
[White "Kacharava, Nikoloz"]
[Black "Rajmohan, Vikram"]
[Result "1-0"]
[WhiteElo "2522"]
[BlackElo "2062"]
[PlyCount "97"]
[EventDate "2024.07.16"]
[EventType "swiss (blitz)"]
[EventRounds "11"]
[EventCountry "USA"]
[SourceTitle "EXT 2025"]
[Source "ChessBase"]
[SourceDate "2024.10.14"]
[SourceVersion "1"]
[SourceVersionDate "2024.10.14"]
[SourceQuality "1"]

1. c4 e5 2. g3 Nf6 3. Bg2 c6 4. Nf3 e4 5. Nd4 d5 6. d3 exd3 7. Qxd3 Bc5 8. Nb3 Bb4+ 9. Bd2 Bxd2+ 10. N1xd2 0-0 11. 0-0 dxc4 12. Qxd8 Rxd8 13. Nxc4 Be6 14. Rfd1 Na6 15. Nca5 Bxb3 16. axb3 Rxd1+ 17. Rxd1 Nc5 18. b4 Na6 19. b5 Nb4 20. bxc6 bxc6 21. Nxc6 Nxc6 22. Bxc6 Rc8 23. b4 Kf8 24. b5 Ke7 25. e4 Rc7 26. e5 Ng4 27. f4 Ne3 28. Rd3 Nc4 29. Kf2 Na5 30. Rc3 Nxc6 31. bxc6 Ke6 32. Rc5 a5 33. Ke3 a4 34. Ke4 g6 35. g4 a3 36. f5+ gxf5+ 37. gxf5+ Ke7 38. Kd5 a2 39. Ra5 Rc8 40. Rxa2 Rd8+ 41. Kc5 Rd1 42. Ra7+ Ke8 43. f6 Rc1+ 44. Kd6 Rd1+ 45. Kc7 Rd8 46. Kb7 h5 47. c7 Rd7 48. Ra8+ Rd8 49. Rxd8# 1-0

[Event "Titled Tuesday intern op 16th Jul Late"]
[Site "Chess.com INT"]
[Date "2024.07.16"]
[Round "4"]
[White "Rajmohan, Vikram"]
[Black "Chemin, Justo Reinaldo"]
[Result "1-0"]
[WhiteElo "2062"]
[BlackElo "2040"]
[PlyCount "83"]
[EventDate "2024.07.16"]
[EventType "swiss (blitz)"]
[EventRounds "11"]
[EventCountry "USA"]
[SourceTitle "EXT 2025"]
[Source "ChessBase"]
[SourceDate "2024.10.14"]
[SourceVersion "1"]
[SourceVersionDate "2024.10.14"]
[SourceQuality "1"]

1. d4 d5 2. Nf3 c6 3. c4 Bf5 4. e3 e6 5. Nc3 Nd7 6. Be2 h6 7. 0-0 Ngf6 8. a3 Bd6 9. b4 Qe7 10. c5 Bc7 11. b5 e5 12. bxc6 bxc6 13. Ba6 Rb8 14. Qa4 Qe6 15. Rd1 0-0 16. Ra2 Bg4 17. Be2 Bxf3 18. Bxf3 e4 19. Be2 Nh7 20. f4 exf3 21. Bxf3 Ng5 22. Rf2 a5 23. Be2 Nf6 24. Bd3 Ng4 25. Bf5 Bxh2+ 26. Kf1 Nxf2 27. Bxe6 fxe6 28. Ke2 Nxd1 29. Kxd1 Rf1+ 30. Kc2 Rf2+ 31. Bd2 Rxg2 32. Qxc6 Rf8 33. Nxd5 Rff2 34. Qe8+ Kh7 35. c6 Rxd2+ 36. Kb3 Ne4 37. Qxe6 Rb2+ 38. Ka4 Nd6 39. c7 Rgc2 40. Ne7 Rc4+ 41. Kxa5 Rxc7 42. Qg8# 1-0

[Event "Titled Tuesday intern op 16th Jul Late"]
[Site "Chess.com INT"]
[Date "2024.07.16"]
[Round "8"]
[White "Rajmohan, Vikram"]
[Black "Guevara Sanchez, Erick Marvin"]
[Result "1-0"]
[WhiteElo "2062"]
[BlackElo "2040"]
[PlyCount "73"]
[EventDate "2024.07.16"]
[EventType "swiss (blitz)"]
[EventRounds "11"]
[EventCountry "USA"]
[SourceTitle "EXT 2025"]
[Source "ChessBase"]
[SourceDate "2024.10.14"]
[SourceVersion "1"]
[SourceVersionDate "2024.10.14"]
[SourceQuality "1"]

1. d4 Nf6 2. Bg5 g6 3. Bxf6 exf6 4. e3 f5 5. Nf3 Bg7 6. c4 b6 7. Nc3 Bb7 8. h4 Nc6 9. h5 Ne7 10. h6 Bf6 11. Bd3 c6 12. Qc2 d5 13. cxd5 Nxd5 14. Nxd5 Qxd5 15. Bc4 Qd7 16. 0-0-0 0-0-0 17. Ne5 Bxe5 18. dxe5 Qe7 19. f4 Kb8 20. Be2 c5 21. Bf3 Bxf3 22. gxf3 Rxd1+ 23. Rxd1 Rd8 24. Rd3 Kc7 25. Rxd8 Qxd8 26. Qa4 Kb7 27. Qc4 Qd7 28. e4 fxe4 29. fxe4 Qe6 30. Qd5+ Kb8 31. Qd8+ Kb7 32. Qd5+ Kb8 33. Kd2 Qxd5+ 34. exd5 Kc7 35. Ke3 Kd7 36. Ke4 b5 37. f5 1-0

[Event "Titled Tuesday intern op 16th Jul Late"]
[Site "Chess.com INT"]
[Date "2024.07.16"]
[Round "10"]
[White "Rajmohan, Vikram"]
[Black "Schulz, Michael"]
[Result "1-0"]
[WhiteElo "2062"]
[BlackElo "2109"]
[PlyCount "121"]
[EventDate "2024.07.16"]
[EventType "swiss (blitz)"]
[EventRounds "11"]
[EventCountry "USA"]
[SourceTitle "EXT 2025"]
[Source "ChessBase"]
[SourceDate "2024.10.14"]
[SourceVersion "1"]
[SourceVersionDate "2024.10.14"]
[SourceQuality "1"]

1. d4 Nf6 2. Bg5 Ne4 3. Bf4 e6 4. f3 Bd6 5. Bxd6 Nxd6 6. g3 0-0 7. e4 f5 8. e5 Nf7 9. Bc4 d5 10. Bd3 c5 11. c3 Nc6 12. Ne2 Qb6 13. Qb3 c4 14. Qxb6 axb6 15. Bc2 b5 16. Nd2 b4 17. Kf2 bxc3 18. bxc3 b5 19. a3 Bd7 20. Rhb1 Ra5 21. a4 Rfa8 22. Ke1 bxa4 23. Rb7 Be8 24. Ra3 g5 25. Nf1 Nfd8 26. Rb1 Na7 27. Rba1 Nb5 28. Rxa4 Rxa4 29. Rxa4 Rxa4 30. Bxa4 Kf8 31. Bc2 Na3 32. Bd1 Nc6 33. Ne3 Na5 34. h3 Nb1 35. f4 h6 36. fxg5 hxg5 37. h4 gxh4 38. gxh4 Bh5 39. Nf4 Bxd1 40. Nxd1 Kf7 41. h5 Nc6 42. Kf2 Nd2 43. Kg3 Ne4+ 44. Kh4 Nd8 45. h6 Kg8 46. Kh5 Kh7 47. Nh3 Nf7 48. Nf4 Ng3+ 49. Kh4 Ne4 50. Nxe6 Kxh6 51. Nf4 Nfg5 52. Nxd5 Nf3+ 53. Kh3 Kg5 54. N5e3 f4 55. Nxc4 Ng1+ 56. Kg2 Ne2 57. d5 Kg4 58. d6 f3+ 59. Kf1 N2g3+ 60. Kg1 Ne2+ 61. Kh2 1-0

[Event "Titled Tuesday intern op 16th Jul Late"]
[Site "Chess.com INT"]
[Date "2024.07.16"]
[Round "2"]
[White "Rajmohan, Vikram"]
[Black "Shandrygin, Nikita"]
[Result "0-1"]
[WhiteElo "2062"]
[BlackElo "2209"]
[PlyCount "76"]
[EventDate "2024.07.16"]
[EventType "swiss (blitz)"]
[EventRounds "11"]
[EventCountry "USA"]
[SourceTitle "EXT 2025"]
[Source "ChessBase"]
[SourceDate "2024.10.14"]
[SourceVersion "1"]
[SourceVersionDate "2024.10.14"]
[SourceQuality "1"]

1. d4 d5 2. Nf3 Nc6 3. c4 Bg4 4. cxd5 Bxf3 5. exf3 Qxd5 6. Be3 e5 7. Nc3 Bb4 8. dxe5 Qxe5 9. Rc1 Nf6 10. Bc4 0-0 11. 0-0 Rad8 12. Qe2 Nd4 13. Bxd4 Qxd4 14. Rfd1 Qf4 15. g3 Qg5 16. Bxf7+ Kh8 17. Bb3 Rde8 18. Qc4 Bd6 19. Re1 Be5 20. f4 Qh5 21. Bd1 Qh6 22. fxe5 Qxc1 23. Qxc7 Ng4 24. Rf1 Nxf2 25. Bf3 Qe3 26. Rxf2 Rxf3 27. Nd1 Qe1+ 28. Kg2 Rxf2+ 29. Nxf2 Qxe5 30. Qxb7 a5 31. b4 Rb8 32. Qa7 axb4 33. h4 h6 34. Ng4 Qd5+ 35. Kh3 Re8 36. Nh2 Qf5+ 37. Ng4 h5 38. Qd4 Qxg4+ 0-1

[Event "New York 1000 GM Summer IM-C"]
[Site "New York"]
[Date "2024.07.14"]
[Round "9"]
[White "Rajmohan, Vikram"]
[Black "Rozman, Levy"]
[Result "0-1"]
[WhiteElo "2062"]
[BlackElo "2348"]
[PlyCount "84"]
[EventDate "2024.07.10"]
[EventType "tourn"]
[EventRounds "9"]
[EventCountry "USA"]
[SourceTitle "CBM 221 Extra"]
[Source "ChessBase"]
[SourceDate "2024.09.30"]
[SourceVersion "1"]
[SourceVersionDate "2024.09.30"]
[SourceQuality "1"]

1. e4 c6 2. d4 d5 3. e5 c5 4. dxc5 e6 5. Nf3 Bxc5 6. Bd3 Ne7 7. 0-0 Nbc6 8. c3 Ng6 9. Qe2 Qc7 10. Re1 0-0 11. h4 f6 12. exf6 gxf6 13. Be3 Bxe3 14. Qxe3 e5 15. Bxg6 hxg6 16. Nbd2 Be6 17. Nb3 Rfe8 18. Rad1 Rad8 19. Rd2 b6 20. g3 Kg7 21. Rde2 Bg4 22. Rd2 d4 23. cxd4 exd4 24. Qd3 Rxe1+ 25. Nxe1 Qe7 26. Qf1 Re8 27. Nd3 Qe4 28. Nb4 Ne5 29. Nxd4 Bh3 30. f3 Nxf3+ 31. Qxf3 Qe1+ 32. Kh2 Qxd2+ 33. Kxh3 Qxd4 34. Nd5 g5 35. h5 g4+ 36. Qxg4+ Qxg4+ 37. Kxg4 Re2 38. b4 Re4+ 39. Kf3 Rd4 40. h6+ Kxh6 41. Nxf6 Rxb4 42. g4 Ra4 0-1

[Event "New York 1000 GM Summer IM-C"]
[Site "New York"]
[Date "2024.07.12"]
[Round "4"]
[White "Kretchetov, Alexandre"]
[Black "Rajmohan, Vikram"]
[Result "0-1"]
[WhiteElo "2088"]
[BlackElo "2062"]
[PlyCount "74"]
[EventDate "2024.07.10"]
[EventType "tourn"]
[EventRounds "9"]
[EventCountry "USA"]
[SourceTitle "CBM 221 Extra"]
[Source "ChessBase"]
[SourceDate "2024.09.30"]
[SourceVersion "1"]
[SourceVersionDate "2024.09.30"]
[SourceQuality "1"]

1. d4 d5 2. c4 c6 3. Nf3 Nf6 4. e3 Bf5 5. Nc3 e6 6. Nh4 Be4 7. f3 Bg6 8. Qb3 Qc7 9. Bd2 Nbd7 10. Nxg6 hxg6 11. cxd5 exd5 12. 0-0-0 0-0-0 13. h3 Nh5 14. Bd3 Ng3 15. Rhe1 f5 16. Kb1 Nf6 17. Rc1 Qb6 18. Qc2 Kb8 19. Na4 Qc7 20. b4 Bd6 21. Qb3 Qe7 22. Rc2 g5 23. Nc5 g4 24. hxg4 fxg4 25. e4 gxf3 26. gxf3 dxe4 27. fxe4 Bxc5 28. bxc5 Ngxe4 29. Bf4+ Ka8 30. Be5 Ng5 31. Rc4 Nf3 32. Ra4 Nd2+ 33. Kc2 Nxb3 34. axb3 Rh2+ 35. Kd1 Rg2 36. Bf1 Qf7 37. Re3 Nd5 0-1

[Event "New York 1000 GM Summer IM-C"]
[Site "New York"]
[Date "2024.07.11"]
[Round "2"]
[White "Lee, Megan Shuen Hui"]
[Black "Rajmohan, Vikram"]
[Result "1/2-1/2"]
[WhiteElo "2297"]
[BlackElo "2062"]
[PlyCount "116"]
[EventDate "2024.07.10"]
[EventType "tourn"]
[EventRounds "9"]
[EventCountry "USA"]
[SourceTitle "CBM 221 Extra"]
[Source "ChessBase"]
[SourceDate "2024.09.30"]
[SourceVersion "1"]
[SourceVersionDate "2024.09.30"]
[SourceQuality "1"]

1. e4 c6 2. d4 d5 3. e5 Bf5 4. h4 h5 5. Bd3 Bxd3 6. Qxd3 e6 7. Bg5 Qa5+ 8. Nd2 Qa6 9. c4 Ne7 10. Ne2 Nf5 11. b3 c5 12. dxc5 Nc6 13. Nf3 Bxc5 14. 0-0 Be7 15. Rfd1 Rd8 16. Bxe7 Nfxe7 17. Nf4 dxc4 18. Qxc4 Qxc4 19. Rxd8+ Kxd8 20. bxc4 Nf5 21. Re1 Nxh4 22. Nxh4 g5 23. Nxe6+ fxe6 24. Rd1+ Kc7 25. Nf3 g4 26. Ng5 Re8 27. f4 gxf3 28. Nxf3 Na5 29. Rd4 Kc6 30. Rh4 Kc5 31. Rxh5 Nxc4 32. Rh7 Rb8 33. Kf2 a5 34. g4 b5 35. g5 a4 36. Rc7+ Kb4 37. g6 Kc3 38. g7 b4 39. Ke2 Rd8 40. Rd7 Rg8 41. Rc7 b3 42. axb3 a3 43. Rxc4+ Kb2 44. Nd4 Rxg7 45. Rc2+ Kb1 46. Kd3 Rd7 47. Rh2 a2 48. Rh1+ Kb2 49. Ke4 Rc7 50. Rh2+ Kb1 51. Rxa2 Kxa2 52. Nxe6 Rc1 53. Nd4 Ka3 54. e6 Kb4 55. Kd5 Rc8 56. e7 Kc3 57. Nc6 Re8 58. b4 Rxe7 1/2-1/2

[Event "New York 1000 GM Summer IM-C"]
[Site "New York"]
[Date "2024.07.11"]
[Round "3"]
[White "Rajmohan, Vikram"]
[Black "Savanovic, Aleksandar"]
[Result "1/2-1/2"]
[WhiteElo "2062"]
[BlackElo "2351"]
[PlyCount "108"]
[EventDate "2024.07.10"]
[EventType "tourn"]
[EventRounds "9"]
[EventCountry "USA"]
[SourceTitle "CBM 221 Extra"]
[Source "ChessBase"]
[SourceDate "2024.09.30"]
[SourceVersion "1"]
[SourceVersionDate "2024.09.30"]
[SourceQuality "1"]

1. d4 Nf6 2. Bg5 d5 3. Bxf6 gxf6 4. e3 c5 5. dxc5 e6 6. Nf3 Bxc5 7. Be2 Nc6 8. 0-0 a6 9. c4 dxc4 10. Bxc4 Qxd1 11. Rxd1 f5 12. Nc3 b5 13. Nxb5 Rb8 14. Nc7+ Ke7 15. Rac1 Rb6 16. Bd5 Bd6 17. Rxc6 Rxc6 18. Bxc6 Bxc7 19. b4 e5 20. a4 Be6 21. b5 a5 22. g3 Rd8 23. Rxd8 Kxd8 24. Ng5 Bb3 25. b6 Bxb6 26. Nxh7 Kc7 27. Bb5 Kd6 28. Kf1 Bd8 29. Nf8 Bd1 30. Ke1 Bf3 31. Nd7 Bc7 32. h4 Bd8 33. Kd2 f4 34. exf4 exf4 35. gxf4 Bxh4 36. Ne5 Bd5 37. Ke3 Bd8 38. Nd3 Bb6+ 39. Ke2 Bd4 40. Kd2 f6 41. Ke2 Be4 42. Nc1 Bd5 43. Nd3 Bb7 44. Nc1 Bd5 45. Nd3 Ke6 46. f3 Kd6 47. Nc1 Ba1 48. Ke3 Bb2 49. Nd3 Bc3 50. Nf2 Kc5 51. Nd3+ Kd6 52. Nf2 Kc5 53. Nd3+ Kd6 54. Nf2 Bb4 1/2-1/2

[Event "Austin Spring IM"]
[Site "Austin"]
[Date "2024.05.28"]
[Round "8"]
[White "Rajmohan, Vikram"]
[Black "Iinuma, Paul Y"]
[Result "0-1"]
[WhiteElo "2076"]
[BlackElo "2200"]
[PlyCount "104"]
[EventDate "2024.05.24"]
[EventType "tourn"]
[EventRounds "9"]
[EventCountry "USA"]
[SourceTitle "CBM 220 Extra"]
[Source "ChessBase"]
[SourceDate "2024.07.31"]
[SourceVersion "1"]
[SourceVersionDate "2024.07.31"]
[SourceQuality "1"]

1. c4 e5 2. Nc3 Bb4 3. Nd5 Be7 4. g3 Nf6 5. Bg2 Nxd5 6. cxd5 0-0 7. Nf3 e4 8. Nd4 Bf6 9. Nb3 a5 10. Nc5 Bd4 11. Nxe4 f5 12. Nc3 f4 13. e3 f3 14. Bf1 Bxc3 15. bxc3 d6 16. d4 Nd7 17. Bd3 Nf6 18. h3 Nxd5 19. Qb3 c6 20. e4 a4 21. Qc4 Qe8 22. Bc2 b5 23. Qd3 b4 24. cxb4 Ba6 25. Qd2 Qe6 26. Bb2 Nb6 27. Qc3 Nd5 28. Qd2 Nf6 29. Qe3 Be2 30. e5 dxe5 31. dxe5 Qc4 32. Qc5 Qxc5 33. bxc5 Nd5 34. Be4 Rfd8 35. Kd2 a3 36. Bc3 Nf6+ 37. Ke3 Nxe4 38. Kxe4 Ra4+ 39. Kf5 h6 40. h4 Rd5 41. Rab1 Bd3+ 42. Ke6 Ra8 43. Rb7 Re8+ 44. Re7 Rf8 45. Rxg7+ Kxg7 46. Ke7 Rf7+ 47. Ke8 Kg8 48. e6 Rb7 49. h5 Rf5 50. e7 Rd5 51. Ba5 Rb8+ 52. Bd8 Bf5 0-1

[Event "Austin Spring IM"]
[Site "Austin"]
[Date "2024.05.26"]
[Round "5"]
[White "Yu, Jiangwei"]
[Black "Rajmohan, Vikram"]
[Result "1-0"]
[WhiteElo "2293"]
[BlackElo "2076"]
[PlyCount "139"]
[EventDate "2024.05.24"]
[EventType "tourn"]
[EventRounds "9"]
[EventCountry "USA"]
[SourceTitle "CBM 220 Extra"]
[Source "ChessBase"]
[SourceDate "2024.07.31"]
[SourceVersion "1"]
[SourceVersionDate "2024.07.31"]
[SourceQuality "1"]

1. d4 d5 2. c4 c6 3. Nf3 Nf6 4. Qb3 e6 5. Bg5 Be7 6. e3 0-0 7. Nc3 dxc4 8. Bxc4 b5 9. Bd3 a6 10. Qc2 Nbd7 11. Ne4 Nxe4 12. Bxe7 Qxe7 13. Bxe4 Ra7 14. Bxh7+ Kh8 15. Bd3 c5 16. Qe2 c4 17. Bc2 Qb4+ 18. Nd2 g6 19. Rb1 c3 20. bxc3 Qxc3 21. Bd3 Rc7 22. 0-0 Bb7 23. Nb3 Qc6 24. e4 Qd6 25. Rbd1 Kg7 26. h3 Rfc8 27. Qg4 Rc3 28. Rfe1 e5 29. Bb1 Qc7 30. Qg5 f6 31. Qd2 a5 32. Nc5 Rxc5 33. dxc5 Nxc5 34. Qe2 Qb6 35. Rd2 Bc6 36. Qg4 Re8 37. Rc1 Re7 38. Rd6 Qc7 39. Qd1 Re6 40. Rd2 Na4 41. a3 Qb7 42. Ba2 Re7 43. Qb3 Bxe4 44. f3 Bf5 45. Qg8+ Kh6 46. Qh8+ Rh7 47. Qxf6 Qe7 48. Qxe7 Rxe7 49. Bb3 e4 50. Bxa4 bxa4 51. Re1 e3 52. Rde2 Kg5 53. Rxe3 Rb7 54. Kf2 Kh4 55. g3+ Kg5 56. g4 Bc2 57. Rc1 Bb3 58. Rc5+ Kh4 59. Rxa5 Rc7 60. Ra8 Rc2+ 61. Re2 Rc3 62. Rh8+ Kg5 63. Re3 Rc2+ 64. Kg3 Ra2 65. h4+ Kf6 66. g5+ Kg7 67. Ra8 Kf7 68. Ra7+ Kf8 69. Rc3 Be6 70. Rxa4 1-0